Dopasuj polskie miasto do regionu #1 - klikanie - Statystyki

Ogólne statystyki
  • Ten quiz został rozwiązany 325 razy
  • Średni wynik to 9 z 15
Statystyki odpowiedzi
Hint Odpowiedź % Poprawnych
Wrocław Dolny Śląsk
89%
Świętochłowice Górny Śląsk
82%
Szczecin Pomorze
81%
Leszno Wielkopolska
72%
Włocławek Kujawy
69%
Biłgoraj Lubelszczyzna
65%
Międzyrzec Podlaski Podlasie Południowe
61%
Kartuzy Kaszuby
58%
Frombork Warmia
56%
Ełk Mazury
54%
Bielsk Podlaski Podlasie
53%
Słubice Ziemia lubuska
52%
Włodawa Polesie
37%
Radom Małopolska
26%
Zambrów Mazowsze
22%
Nie znaleziono quizów pasujących do podanych kryteriów
Rozkład punktacji
Procent ludzi z każdym wynikiem
Percentyl według liczby udzielonych odpowiedzi
Twoja historia wyników
Nie rozwiązałeś tego quizu